| 000 | 00919nam a2200301Ia 4500 | ||
|---|---|---|---|
| 001 | Z_968 | ||
| 003 | CHAP | ||
| 008 | 220113s1990 xx 000 0 und d | ||
| 010 | _a164044 | ||
| 040 | _cCHAP | ||
| 090 | _aFolleto 226 | ||
| 100 |
_aDietrich, R A _932547 |
||
| 245 |
_aThe Texas drylot lamb feeding industry : operational characteristics and costs / _cby R.A. Dietrich, J.R. Conner and G.K. Wenzel |
||
| 260 |
_aCollege Station Texas : _bTexas A & M University, _c1990 |
||
| 300 | _a23 h. | ||
| 440 |
_aTexas Agr. Exp. Sta; B 1632 _9138104 |
||
| 500 | _a | ||
| 503 | _a | ||
| 650 |
_aAlimentos y alimentación del ganado _xIndustria I. Conner, J. R. II. Wenzel, G K. _9138105 |
||
| 650 |
_aGanado lanar _xAlimentación _945153 |
||
| 650 |
_aGanado lanar _xTexas _945225 |
||
| 901 | _aFolleto 226 | ||
| 902 | _aA | ||
| 910 | _a1990 | ||
| 942 | _cc14 | ||
| 942 | _cc14 | ||
| 999 |
_c164044 _d164044 |
||